00680nam a2200241 a 4500001001300000003000900013005001700022008004100039020000900080082002200089100001500111245003500126260002500161300000900186500003500195505001000230650001800240700001500258902000800273942000700281952013500288999001500423nice12345678IN_TiNIC20260116012132.0050524s0000 dela grp 000 0 eng  ac5000a323.39710954bKAU aKaura, Uma aMuslims and Indian Nationalism aDelhibManoharc0000 a223p aincludes index and biblioraphy2 aIndex aMuslims-India1 aKaura, Uma bSRC cBK 001040708StackRoom-aHMIbHMId2013-11-08g50.00l5m6o323.39710954 KAUp09170r2025-10-13s2024-11-11v50.00w2005-05-24yBK c5775d5775